| 000 | 00530nam a22001937a 4500 | ||
|---|---|---|---|
| 005 | 20260327061218.0 | ||
| 008 | 260327b |||||||| |||| 00| 0 eng d | ||
| 020 | _a9788198180490 | ||
| 040 |
_aIN-DiNC _cIN-DiNC |
||
| 041 | _deng | ||
| 082 |
_a954.16 _bLOY |
||
| 100 |
_aLoyi, Jommi _eauthor |
||
| 245 |
_aGlimpses of the history of North East India 1972/ _cby Jommi Loyi |
||
| 250 | _a1st ed. | ||
| 260 |
_aMeerut: _bBalaji publishers, _c2025. |
||
| 300 | _a340p. | ||
| 650 | _aHistory of North East India | ||
| 942 |
_2ddc _cBK |
||
| 999 |
_c12347 _d12347 |
||